=LDR 00000nam 2200000 4500 =001 INLIS000000000036526 =005 20130612142316 =008 ***********************************Ind** =035 ##$$0010-061300000036526 =041 ##$$a Ind =082 ##$$a 741.5 =090 ##$$a 741.5, Mau p =100 ##$$a Mauricet =245 ##$$a Patroli kosmik, Mauricet, Janssene ; alih bahasa, Rini Nurul Badariah =260 ##$$a 2010 $b Jakarta =300 ##$$a 48 hlm, ilus, 25 cm =650 ##$$a Komik, Bacaan =700 ##$$a Badariah, Rini Nurul =850 ##$$a NBPNMAT =990 ##$$a 0001/BPAP-NTB/20142014